Vybraná gramatická cvičení z německého jazyka : (pracovní sešit) /

Hlavní autor: Čornejová, Irena
Další autoři: Myšková, Zdeňka
Jazyk: Němčina
Čeština
Vydáno: Brno : CERM, 2000
Edice: Učební texty vysokých škol
Témata:
Fyzický popis: 139 s. ; 29 cm
Knihy
Uloženo v:
LEADER 01587nam a2200397 a 4500
001 000489638
003 CZ BrMZK
005 20080325124147.0
007 ta
008 000115s2000 xr e p cze d
020 |a 80-7204-137-1 
040 |a BOA001  |b cze 
041 1 |a cze  |a ger 
072 7 |a 811.112.2  |x Němčina  |2 Konspekt  |9 11 
072 7 |a 37.016  |x Učební osnovy. Vyučovací předměty. Učebnice  |2 Konspekt  |9 22 
080 |a 811.112.2  |2 MRF 
080 |a 81'36  |2 MRF 
080 |a (075.8)  |2 MRF 
080 |a (076.5)  |2 MRF 
100 1 |a Čornejová, Irena  |7 jn20001103449 
245 1 0 |a Vybraná gramatická cvičení z německého jazyka :  |b (pracovní sešit) /  |c Irena Čornejová, Zdeňka Myšková. 
260 |a Brno :  |b CERM,  |c 2000 
300 |a 139 s. ;  |c 29 cm 
490 1 |a Učební texty vysokých škol 
500 |a Určeno pro posl. Fak. stroj. inž. a Fak. podnikatelské VUT v Brně 
650 0 7 |a němčina  |7 ph115512  |2 czenas 
650 0 7 |a mluvnice  |7 ph115331  |2 czenas 
655 7 |a učebnice vysokých škol  |7 fd133772  |2 czenas 
655 7 |a praktická cvičení  |7 fd133118  |2 czenas 
700 1 |a Myšková, Zdeňka  |7 jn20001103450  |4 aut 
830 0 |a Učební texty vysokých škol 
910 |a BOA001  |b 4-1075.930 
990 |a BK 
996 6 |b 2610119583  |c 4-1075.930  |l MZK  |r Sklad / do 1 hodiny  |n 0  |p p.v.  |w 000489638  |u 000010  |a 1  |e BOA001  |j MZK50  |s P 
996 7 |b 2610123833  |c 4-1075.930  |l MZK  |r Sklad / do 1 hodiny  |n 13  |p kup  |w 000489638  |u 000020  |a 1  |e BOA001  |j MZK50  |s A 
996 7 |b 2610123834  |c 4-1075.930  |l MZK  |r Sklad / do 1 hodiny  |n 20  |p kup  |w 000489638  |u 000030  |a 1  |e BOA001  |j MZK50  |s A